000 nam a22 7a 4500
999 _c126552
_d126552
008 170726b xxu||||| |||| 00| 0 eng d
050 _aHD666.T186 2014
100 _aTarimo, Aquiline
_932122
245 _aAfrican land rights systems
_c/ Aquiline Tarimo
260 _aBamenda
_bLangaa Research and Publishing
_c2014
300 _axviii, 163p. ;
_c22cm.
650 _aLand tenure
_xAfrica
_933535
942 _2lcc
_cMONOGRAPH